<?xml version="1.0" encoding="UTF-8"?>
<record
    xmlns:xsi="http://www.w3.org/2001/XMLSchema-instance"
    xsi:schemaLocation="http://www.loc.gov/MARC21/slim http://www.loc.gov/standards/marcxml/schema/MARC21slim.xsd"
    xmlns="http://www.loc.gov/MARC21/slim">

  <leader>05379    a2200241   4500</leader>
  <controlfield tag="001">41621</controlfield>
  <controlfield tag="005">20260407155708.0</controlfield>
  <controlfield tag="008">260407a2016    arg                 spa d</controlfield>
  <controlfield tag="003">AR-UNSa-BCEJYS</controlfield>
  <datafield tag="040" ind1=" " ind2=" ">
    <subfield code="a">AR-UNSa-BCEJYS</subfield>
    <subfield code="b">spa</subfield>
    <subfield code="c">AR-UNSa-BCEJYS</subfield>
  </datafield>
  <datafield tag="080" ind1=" " ind2=" ">
    <subfield code="a">340.15</subfield>
    <subfield code="x">Modelos hist&#xF3;ricos del derecho y de los sistemas jur&#xED;dicos. Derecho primitivo</subfield>
  </datafield>
  <datafield tag="245" ind1="1" ind2="0">
    <subfield code="a">Historia del derecho</subfield>
    <subfield code="p">D&#xE9;cadas de investigaci&#xF3;n y de docencia. Homenaje a Abelardo Levaggi</subfield>
  </datafield>
  <datafield tag="020" ind1=" " ind2=" ">
    <subfield code="a">978-950-23-2631-3</subfield>
  </datafield>
  <datafield tag="264" ind1=" " ind2="1">
    <subfield code="a">Buenos Aires :</subfield>
    <subfield code="b">Universidad de Buenos Aires. Facultad de Derecho. Departamento de Publicaciones</subfield>
    <subfield code="c">2016</subfield>
  </datafield>
  <datafield tag="300" ind1=" " ind2=" ">
    <subfield code="a">486 p.</subfield>
    <subfield code="c">23 cm.</subfield>
  </datafield>
  <datafield tag="505" ind1=" " ind2=" ">
    <subfield code="a">1. La contienda por el influjo legislativo en Am&#xE9;rica entre el c&#xF3;digo civil franc&#xE9;s y el c&#xF3;digo civil chileno / Alejandro Guzm&#xE1;n Brito - 2. Notas sobre la compilaci&#xF3;n legislativa peruana del virrey Montesclaros (1610-1611) / V&#xED;ctor Tau Anzo&#xE1;tegui - 3. Meeting the look of lawyers at custom / Jacques Vanderlinden - 4. &#xBF;Dignitas nunquam moritur como clave interpretativa de los sucesos de abril de 1811? La designaci&#xF3;n de Vieytes en la Junta Grande / Alejandro Adriao - 5. Entre privilegios corporativos y derechos del hombre. Sobre el lenguaje jur&#xED;dico de la revoluci&#xF3;n, a prop&#xF3;sito de las elecciones capitulares en C&#xF3;rdoba, 1814 / Alejandro Ag&#xFC;ero - 6. Jesuitas y franciscanos: 400 a&#xF1;os en la Universitas Cordubensis / Marcela Aspell - 7. "S&#xE1;bado ingl&#xE9;s" teatro y legislaci&#xF3;n laboral / Viviana Bartucci - 8. La "Ley de las cuatro fases de los fen&#xF3;menos sociales" en la Teor&#xED;a del derecho de Carlos Octavio Bunge / Marcelo Baz&#xE1;n Lazcano - 9. Anotaciones hist&#xF3;ricas sobre la constituci&#xF3;n y los jueces en Colombia durante el siglo XIX / Andr&#xE9;s Botero-Bernal - 10. La penetraci&#xF3;n del discurso m&#xE9;dico en la argumentaci&#xF3;n jur&#xED;dica: Artemio Moreno y su obra Ni&#xF1;ez abandonada y delincuente / Jos&#xE9; Daniel Cesano - 11. Reflexiones respecto del lineamiento hist&#xF3;rico del sistema procesal romano primitivo / Jos&#xE9; Carlos Costa - 12. En defensa de la propiedad privada. Instrumentos jur&#xED;dicos y conflictividad rural en Jujuy en el siglo XIX / Cecilia Fandos - 13. Notas sobre el dise&#xF1;o rent&#xED;stico argentino / Juan Carlos Frontera - 14. El contrato de compraventa mercantil en la antigua Grecia / Rosana Gallo - 15. La sociedad de antropolog&#xED;a jur&#xED;dica de Buenos Aires. notas sobre su fundaci&#xF3;n, estatutos y miembros / Javier F. Garc&#xED;a Basalo - 16. Las ideas hispanistas en Estanislao Severo Zeballos / Pablo S. Guti&#xE9;rrez - La reglamentaci&#xF3;n miliciana y el fuero militar en Buenos Aires durante la primera d&#xE9;cada revolucionaria / Emilio Fabi&#xE1;n Harari - 17. Historia de la libertad de expresi&#xF3;n en los medios de comunicaci&#xF3;n / Edith Mar&#xED;a Gloria Hounau - 18. Pureza del sufragio: doctrinas de Edward Livingston y Francis Lieber en sentencias de tribunales federales (s. XIX) / Marta Mar&#xED;a Huertas - 19. Entre el aula y el birrete: las tesis doctorales sobre la posesi&#xF3;n hereditaria. Facultad de Derecho, Universidad de Buenos (1895-1905) / Viviana Kluger - 20. Las Instituciones teol&#xF3;gicas lugdunenses en la Universidad de C&#xF3;rdoba: censura y debate jansenista en el siglo XIX / Esteban F. Llamosas - 21. Evoluci&#xF3;n del pensamiento en torno a la situaci&#xF3;n jur&#xED;dica de la mujer y su reflejo en las revistas jur&#xED;dicas argentinas / Susana L&#xF3;pez - 22. Imagen de las Indias y de los indianos en la prensa peri&#xF3;dica madrile&#xF1;a (1758-1808) / Mar&#xED;a Eugenia Martese - 23. Causas civiles en la Florida Oriental, 1785-1821 / M. C. Mirow - 24. Institutos tardomedievales en el R&#xED;o de la Plata (siglos XVI y XVII) / Sergio R. Nu&#xF1;ez y Ruiz-D&#xED;az - 25. Abelardo Levaggi y su Dalmacio V&#xE9;lez Sarsfield y el derecho eclesi&#xE1;stico / Sandro Olaza Pallero - 26. Las fuentes hisp&#xE1;nicas de los derechos humanos / Fernando Oltra Santa Cruz - 27. El estudio comparado de la historia del derecho: aproximaci&#xF3;n a las ventajas y desaf&#xED;os de su desarrollo en Am&#xE9;rica Latina / Agust&#xED;n Parise - 28. La separaci&#xF3;n de la Iglesia Cat&#xF3;lica y el Estado en el contexto del proceso de secularizaci&#xF3;n jur&#xED;dica en la Argentina (primer tercio del siglo XX) / Mar&#xED;a Rosa Pugliese - 29. Los c&#xED;clopes de Westeros. Los "pasados ficticios" y su valor para la historia jur&#xED;dica (breves reflexiones a la luz del Juego de tronos) / Ricardo Rabinovich-Berkman - 30. El estudio de los derechos de los ind&#xED;genas en la historia del derecho argentino / Carlos Gabriel Rocca Mones Ruiz - 31. Morir en el pago de Arrecifes (1756-1765) / Adela M. Salas - 32. Derecho can&#xF3;nico. Su aplicaci&#xF3;n en las dispensas matrimoniales (C&#xF3;rdoba del tucum&#xE1;n, Argentina: siglo XIX) / Nora Siegrist&#xE7; - 33. Repercusiones de la reforma a la organizaci&#xF3;n y administraci&#xF3;n de justicia del presidente Arturo Frondizi / Claudia G. Somovilla - 34. La tortura judicial seg&#xFA;n dos fiscales de la Audiencia de Buenos Aires / Natalia Stringini - 35. Or&#xED;genes y trayectoria de los derechos sociales en Brasil / Antonio Carlos Wolkmer - 36. La aplicaci&#xF3;n del art&#xED;culo 23 de la Constituci&#xF3;n Nacional en la presidencia de Domingo Faustino Sarmiento (1870) / Ram&#xF3;n Pedro Yanzi Ferreira</subfield>
  </datafield>
  <datafield tag="041" ind1=" " ind2=" ">
    <subfield code="a">spa</subfield>
  </datafield>
  <datafield tag="942" ind1=" " ind2=" ">
    <subfield code="c">BK</subfield>
  </datafield>
  <datafield tag="590" ind1=" " ind2=" ">
    <subfield code="a">niveau_biblio:m niveau_hierar:0</subfield>
  </datafield>
  <datafield tag="100" ind1="1" ind2=" ">
    <subfield code="a">Parise, Agust&#xED;n</subfield>
  </datafield>
  <datafield tag="700" ind1="1" ind2=" ">
    <subfield code="a">Rabinovich-Berkman, Ricardo</subfield>
  </datafield>
  <datafield tag="856" ind1="4" ind2="1">
    <subfield code="u">https://biblioeco.unsa.edu.ar/pmb/images/libros/L126478.jpg</subfield>
    <subfield code="y">Imagen de portada</subfield>
    <subfield code="q">image/jpeg</subfield>
  </datafield>
  <datafield tag="999" ind1=" " ind2=" ">
    <subfield code="c">3516</subfield>
    <subfield code="d">3516</subfield>
  </datafield>
  <datafield tag="952" ind1=" " ind2=" ">
    <subfield code="0">0</subfield>
    <subfield code="1">0</subfield>
    <subfield code="4">0</subfield>
    <subfield code="7">0</subfield>
    <subfield code="a">BCEJYS</subfield>
    <subfield code="b">BCEJYS</subfield>
    <subfield code="c">16</subfield>
    <subfield code="d">2026-04-07</subfield>
    <subfield code="l">0</subfield>
    <subfield code="o">340.15 R116h</subfield>
    <subfield code="p">L126478</subfield>
    <subfield code="r">2026-04-07 15:57:09</subfield>
    <subfield code="w">2026-04-07</subfield>
    <subfield code="y">L</subfield>
  </datafield>
</record>
